|
|
|
|
| LEADER |
02851nam a22003973i 4500 |
| 001 |
EBC7101348 |
| 003 |
MiAaPQ |
| 005 |
20240729202204.0 |
| 006 |
m o d | |
| 007 |
cr cnu|||||||| |
| 008 |
240729s2014 xx o ||||0 ger d |
| 020 |
|
|
|a 9783428574278
|q (electronic bk.)
|
| 020 |
|
|
|z 9783428174270
|
| 035 |
|
|
|a (MiAaPQ)EBC7101348
|
| 035 |
|
|
|a (Au-PeEL)EBL7101348
|
| 035 |
|
|
|a (OCoLC)1347024744
|
| 040 |
|
|
|a MiAaPQ
|b eng
|e rda
|e pn
|c MiAaPQ
|d MiAaPQ
|
| 100 |
1 |
|
|a Sering, Max.
|
| 245 |
1 |
4 |
|a Die Verteuerung der Lebensmittel in Berlin Im Laufe der Letzten 30 Jahre und Ihre Bedeutung Für Den Berliner Arbeiterhaushalt :
|b Untersuchungen über Preisbildung. Abteilung a: Preisbildung Für Agrarische Erzeugnisse. Zweiter Teil. Hrsg. Von Max Sering. (Schriften des Vereins Für Sozialpolitik 139-II).
|
| 250 |
|
|
|a 1st ed.
|
| 264 |
|
1 |
|a Berlin :
|b Duncker & Humblot,
|c 2014.
|
| 264 |
|
4 |
|c {copy}1912.
|
| 300 |
|
|
|a 1 online resource (94 pages)
|
| 336 |
|
|
|a text
|b txt
|2 rdacontent
|
| 337 |
|
|
|a computer
|b c
|2 rdamedia
|
| 338 |
|
|
|a online resource
|b cr
|2 rdacarrier
|
| 490 |
1 |
|
|a Duncker and Humblot Reprints Series
|
| 505 |
0 |
|
|a Intro -- Inhaltsangabe -- Einleitung -- Die Gliederung des Arbeiterhaushaltes -- Die Bedeutung der Miete -- Die Bedeutung der Ausgaben für Nahrungs- und Genußmittel -- Erster Abschnitt. Die Preisbewegung der Lebensmittel und die Absatzorganisation -- Das Fleisch -- Allgemeines -- Preisbewegung -- Preisbildung -- Das Brot -- Preisbewegung -- Preisbildung -- Die Kalkulation des Bäckers -- Die Organisation des Bäckereigewerbes -- Die Milch -- Allgemeines -- Preisbewegung -- Milchhandel -- Die übrigen Lebensmittel -- Kartoffeln -- Gemüse und Obst -- Butter und Fettwaren -- Eier -- Kolonialwaren -- Zucker -- Reis -- Kaffee -- Zweiter Abschnitt. Die Bewegung der Lebensmittelpreise im ganzen -- Dritter Abschnitt. Das Einkommen der Berliner Arbeiterschaft im Verhältnis zur Verteuerung der Lebensmittel -- Allgemeines -- Der Zeitabschnitt 1881-1889 -- Der Zeitabschnitt 1890-1903 -- Der Zeitabschnitt 1904-1910 -- Ergebnis -- Literatur.
|
| 588 |
|
|
|a Description based on publisher supplied metadata and other sources.
|
| 590 |
|
|
|a Electronic reproduction. Ann Arbor, Michigan : ProQuest Ebook Central, 2024. Available via World Wide Web. Access may be limited to ProQuest Ebook Central affiliated libraries.
|
| 655 |
|
4 |
|a Electronic books.
|
| 700 |
1 |
|
|a Brutzer, Gustav.
|
| 776 |
0 |
8 |
|i Print version:
|a Sering, Max
|t Die Verteuerung der Lebensmittel in Berlin Im Laufe der Letzten 30 Jahre und Ihre Bedeutung Für Den Berliner Arbeiterhaushalt
|d Berlin : Duncker & Humblot,c2014
|z 9783428174270
|
| 797 |
2 |
|
|a ProQuest (Firm)
|
| 830 |
|
0 |
|a Duncker and Humblot Reprints Series
|
| 856 |
4 |
0 |
|u https://ebookcentral.proquest.com/lib/matrademy/detail.action?docID=7101348
|z Click to View
|